[Event "New England Masters"]
[Site "Pawtucket"]
[Date "2008.08.12"]
[Round "3.19"]
[White "Haessel, Dale"]
[Black "Belliard, Luis"]
[Result "0-1"]
[WhiteElo "2149"]
[BlackElo "2226"]
[PlyCount "92"]
[EventDate "2008.08.??"]
[SourceDate "2008.08.11"]

1. d4 Nf6 2. c4 c5 3. d5 e6 4. Nc3 exd5 5. cxd5 d6 6. Nf3 a6 7. a4 Be7 8. g3
O-O 9. Bg2 Nbd7 10. O-O Rb8 11. a5 Ne8 12. Nd2 Nc7 13. Nc4 Nb5 14. Bf4 Nf6 15.
e4 Re8 16. Qb3 Nh5 17. Be3 Bd7 18. Rfe1 Nf6 19. Rad1 Ng4 20. Bf4 g5 21. Bc1 Bf6
22. h3 Ne5 23. Nxe5 Bxe5 24. Nxb5 axb5 25. Qe3 Bf6 26. f4 gxf4 27. gxf4 Kh8 28.
Qa3 b4 29. Qf3 Rg8 30. e5 Bh4 31. Re3 Qe7 32. Qe4 Ra8 33. b3 f5 34. Qd3 dxe5
35. Bb2 Bf6 36. fxe5 Bg7 37. Rd2 f4 38. Ree2 Rxa5 39. e6 Bb5 40. Qf5 Bxe2 41.
d6 Qh4 42. Rxe2 Bxb2 43. Rxb2 Qe1+ 44. Kh2 Qg3+ 45. Kg1 Ra1+ 46. Rb1 Qxg2# 0-1

[Event "New England Masters"]
[Site "Pawtucket"]
[Date "2008.08.12"]
[Round "3.21"]
[White "Meredith, Matthew"]
[Black "Reverby, Miro"]
[Result "0-1"]
[WhiteElo "2044"]
[BlackElo "2190"]
[PlyCount "122"]
[EventDate "2008.08.??"]
[SourceDate "2008.08.11"]

1. e4 c5 2. Nf3 g6 3. d4 cxd4 4. Qxd4 Nf6 5. e5 Nc6 6. Qa4 Nd5 7. Qe4 Nb6 8.
Nc3 Bg7 9. Bb5 O-O 10. O-O d5 11. exd6 Qxd6 12. Bf4 e5 13. Rad1 Qc7 14. Be3 Bf5
15. Qh4 Bxc2 16. Rd2 Bf5 17. g4 Nd4 18. Nxd4 exd4 19. Bxd4 Qf4 20. Bxg7 Kxg7
21. Qg3 Qxg4 22. Qxg4 Bxg4 23. f3 Be6 24. Rfd1 Rac8 25. Ne4 a6 26. Rd6 Nc4 27.
Bxc4 Rxc4 28. Rb6 Rc7 29. a3 Re8 30. b4 Bf5 31. Nd6 Re6 32. Rxb7 Rxd6 33. Rxd6
Rxb7 34. Rxa6 Kf8 35. Kf2 Ke7 36. Ke3 Kd7 37. Kd4 Kc7 38. Kc5 Bd3 39. Rc6+ Kb8
40. Rf6 Bc2 41. b5 Rc7+ 42. Kb4 Bf5 43. a4 Be6 44. Rf4 Rc2 45. h4 Bd5 46. a5
Rf2 47. Kc5 Rxf3 48. Rd4 Be6 49. Kb6 Bc8 50. Rd6 Re3 51. Rd8 Re6+ 52. Kc5 Kc7
53. Rh8 Re5+ 54. Kb4 Rh5 55. b6+ Kb7 56. Rf8 Rxh4+ 57. Kc5 Rh5+ 58. Kd6 Rf5 59.
a6+ Kxb6 60. Rxc8 Kxa6 61. Rh8 h5 0-1

[Event "New England Masters"]
[Site "Pawtucket"]
[Date "2008.08.13"]
[Round "4.1"]
[White "Sammour-Hasbun, Jorge"]
[Black "Gareev, Timur"]
[Result "0-1"]
[WhiteElo "2463"]
[BlackElo "2570"]
[PlyCount "68"]
[EventDate "2008.08.??"]
[SourceDate "2008.08.11"]

1. d4 Nf6 2. c4 e6 3. Nc3 Bb4 4. f3 d5 5. a3 Be7 6. e4 dxe4 7. fxe4 e5 8. d5
Bc5 9. Nf3 Bg4 10. h3 Bxf3 11. Qxf3 Nbd7 12. g4 O-O 13. Bd3 Ne8 14. Bd2 a5 15.
O-O-O Nd6 16. Kb1 c6 17. Rdf1 Qb6 18. Qd1 Bd4 19. Na4 Qa7 20. Qe2 Rab8 21. Rf3
b5 22. cxb5 cxb5 23. Nc3 Nc5 24. Bc2 b4 25. Nd1 Rb7 26. h4 Rfb8 27. a4 b3 28.
Bd3 Nxa4 29. g5 Nxb2 30. Nxb2 a4 31. Be3 a3 32. Bxd4 Qxd4 33. Qf2 Qc3 34. h5
Rc7 0-1

[Event "New England Masters"]
[Site "Pawtucket"]
[Date "2008.08.13"]
[Round "4.2"]
[White "Erenburg, Sergey"]
[Black "Sarkar, Justin"]
[Result "1-0"]
[WhiteElo "2563"]
[BlackElo "2416"]
[PlyCount "68"]
[EventDate "2008.08.??"]
[SourceDate "2008.08.11"]

1. e4 c5 2. Nf3 Nc6 3. d4 cxd4 4. Nxd4 Nf6 5. Nc3 e5 6. Ndb5 d6 7. Bg5 a6 8.
Na3 b5 9. Nd5 Be7 10. Bxf6 Bxf6 11. c4 b4 12. Nc2 a5 13. Be2 Bg5 14. Qd3 O-O
15. O-O Bb7 16. Rfd1 Nb8 17. a3 bxa3 18. Qxa3 Na6 19. Qxa5 Qxa5 20. Rxa5 Nc5
21. Rxa8 Rxa8 22. b4 Nxe4 23. Bf3 Nd2 24. Ne7+ Kf8 25. Bxb7 Ra2 26. Nf5 Rxc2
27. Ra1 Bd8 28. g3 g6 29. Ne3 Rb2 30. Ra8 Rxb4 31. Rxd8+ Ke7 32. Nd5+ Kxd8 33.
Nxb4 Nxc4 34. Bd5 Kc7 1-0

[Event "New England Masters"]
[Site "Pawtucket"]
[Date "2008.08.13"]
[Round "4.3"]
[White "Arkell, Keith"]
[Black "Battaglini, Gabriel"]
[Result "1-0"]
[WhiteElo "2506"]
[BlackElo "2341"]
[PlyCount "61"]
[EventDate "2008.08.??"]
[SourceDate "2008.08.11"]

1. d4 Nf6 2. Nf3 e6 3. c4 c5 4. d5 d6 5. Nc3 exd5 6. cxd5 g6 7. g3 Bg7 8. Bg2
O-O 9. O-O Nbd7 10. Nd2 Nh5 11. a4 f5 12. e3 Ne5 13. Qc2 g5 14. f4 gxf4 15.
exf4 Ng4 16. Nf3 Qf6 17. Nb5 Qh6 18. Re1 Bd7 19. Bd2 Bxb5 20. axb5 Bd4+ 21.
Nxd4 cxd4 22. Re6 Rf6 23. h3 Ne3 24. Bxe3 dxe3 25. Rxe3 Rg6 26. Raa3 Kh8 27.
Qc3+ Rg7 28. Rxa7 Rag8 29. Rxb7 Nf6 30. Rxg7 Rxg7 31. Re6 1-0

[Event "New England Masters"]
[Site "Pawtucket"]
[Date "2008.08.13"]
[Round "4.4"]
[White "Kritz, Leonid"]
[Black "Kaminski, Victor"]
[Result "1-0"]
[WhiteElo "2610"]
[BlackElo "2212"]
[PlyCount "75"]
[EventDate "2008.08.??"]
[SourceDate "2008.08.11"]

1. e4 c5 2. Nf3 Nc6 3. Bb5 g6 4. Bxc6 bxc6 5. O-O Bg7 6. Re1 Nh6 7. c3 f6 8. d4
cxd4 9. cxd4 O-O 10. Nc3 d6 11. h3 Nf7 12. b3 Ba6 13. Bb2 Rc8 14. Rc1 Qd7 15.
e5 Nd8 16. Ba3 Rc7 17. Ne4 Nb7 18. exd6 exd6 19. Qd2 Re8 20. Qf4 Re6 21. Ned2
g5 22. Qg3 Kf7 23. Ne4 h6 24. Qg4 Bd3 25. d5 Rxe4 26. Rxe4 Bxe4 27. Qxe4 c5 28.
Nd2 Qe8 29. Qf3 Re7 30. Nc4 Re4 31. Bb2 Kg6 32. Ne3 Rf4 33. Qe2 Re4 34. Qd3 Kf7
35. Qa6 Qb8 36. Nf5 Bf8 37. Ng3 Re7 38. Qd3 1-0

[Event "New England Masters"]
[Site "Pawtucket"]
[Date "2008.08.13"]
[Round "4.5"]
[White "Vovsha, Eli"]
[Black "Bournival, Braden"]
[Result "1-0"]
[WhiteElo "2461"]
[BlackElo "2303"]
[PlyCount "67"]
[EventDate "2008.08.??"]
[SourceDate "2008.08.11"]

1. e4 c5 2. Nf3 Nc6 3. d4 cxd4 4. Nxd4 Nf6 5. Nc3 e5 6. Ndb5 d6 7. Bg5 a6 8.
Na3 b5 9. Bxf6 gxf6 10. Nd5 Bg7 11. c3 f5 12. exf5 Bxf5 13. Nc2 O-O 14. Nce3
Be6 15. Bd3 f5 16. O-O Ra7 17. f4 Ne7 18. Bc2 Nxd5 19. Nxd5 Kh8 20. Kh1 Rb7 21.
Bb3 a5 22. Ne3 d5 23. fxe5 Bxe5 24. Qh5 Rg7 25. Rad1 Rg5 26. Qh4 Rfg8 27. Bxd5
Qe8 28. Bf3 Bxa2 29. Rfe1 Qg6 30. Rd2 Qg7 31. Red1 Be6 32. Rd8 Rg6 33. Nxf5 Qc7
34. Ne7 1-0

[Event "New England Masters"]
[Site "Pawtucket"]
[Date "2008.08.13"]
[Round "4.6"]
[White "Schuyler, James"]
[Black "Ippolito, Dean"]
[Result "0-1"]
[WhiteElo "2346"]
[BlackElo "2445"]
[PlyCount "62"]
[EventDate "2008.08.??"]
[SourceDate "2008.08.11"]

1. Nf3 d5 2. c4 d4 3. b4 f6 4. e3 dxe3 5. fxe3 e5 6. a3 a5 7. Qc2 axb4 8. Bd3
b3 9. Qxb3 Na6 10. Qc2 Nh6 11. O-O Nb4 12. axb4 Rxa1 13. Nxe5 fxe5 14. Bxh7 Qg5
15. Bg6+ Kd8 16. Be4 Ra6 17. d4 Rf6 18. Rd1 exd4 19. Rxd4+ Rd6 20. c5 Rxd4 21.
exd4 Qh4 22. g3 Qf6 23. Bb2 Ng4 24. d5 Qf2+ 25. Qxf2 Nxf2 26. Bc2 Ng4 27. h4
Ne3 28. Bb3 Bf5 29. Nd2 Bc2 30. Ba2 Rh5 31. Nf3 Rf5 0-1

[Event "New England Masters"]
[Site "Pawtucket"]
[Date "2008.08.13"]
[Round "4.8"]
[White "Panjwani, Raja"]
[Black "Vigorito, David"]
[Result "1/2-1/2"]
[WhiteElo "2310"]
[BlackElo "2382"]
[PlyCount "45"]
[EventDate "2008.08.??"]
[SourceDate "2008.08.11"]

1. e4 c6 2. d3 d5 3. Nd2 e5 4. Ngf3 Bd6 5. g3 Nf6 6. Bg2 O-O 7. O-O Qc7 8. Re1
Be6 9. a4 Nbd7 10. b3 a5 11. Bb2 d4 12. c3 dxc3 13. Bxc3 Bb4 14. Bxb4 axb4 15.
d4 Rad8 16. Qc2 exd4 17. Nxd4 Ne5 18. N2f3 Nxf3+ 19. Nxf3 Qe7 20. Ng5 Ng4 21.
Nf3 Nf6 22. Ng5 Ng4 23. Nf3 1/2-1/2

[Event "New England Masters"]
[Site "Pawtucket"]
[Date "2008.08.13"]
[Round "4.9"]
[White "Thavandiran, Shiyam"]
[Black "Shmelov, Denys"]
[Result "0-1"]
[WhiteElo "2288"]
[BlackElo "2349"]
[PlyCount "136"]
[EventDate "2008.08.??"]
[SourceDate "2008.08.11"]

1. e4 e6 2. d4 d5 3. Bd3 Nf6 4. e5 Nfd7 5. c3 c5 6. Nf3 Nc6 7. O-O Be7 8. Qe2
c4 9. Bc2 b5 10. a3 Nb6 11. Re1 a5 12. Nbd2 Kd7 13. Nf1 Kc7 14. Qe3 Bd7 15. Qf4
Be8 16. Qg4 g6 17. Bh6 Bf8 18. Bg5 Be7 19. Bh6 Bf8 20. Bxf8 Rxf8 21. Qf4 Qe7
22. Ne3 h5 23. h4 Kb7 24. Ng5 Rh8 25. Kh2 Nd7 26. Kg1 Ra6 27. Bd1 Nb6 28. Bc2
Nd7 29. Bd1 Nb6 30. Bf3 b4 31. axb4 axb4 32. Rxa6 Kxa6 33. Nc2 b3 34. Ne3 Na4
35. Re2 Nb6 36. Kh2 Nd8 37. Kh3 Bd7 38. g4 hxg4+ 39. Nxg4 Nc6 40. Kg3 Ra8 41.
Nh6 Nd8 42. h5 gxh5 43. Bxh5 Be8 44. Qf6 Ra7 45. Ng8 Qd7 46. Qh8 Qc7 47. Nf6
Bc6 48. Qf8 Qe7 49. Qxe7 Rxe7 50. f4 Kb5 51. Rd2 Na4 52. Nh3 Ra7 53. Kh4 Nxc3
54. bxc3 Ra2 55. Rd1 b2 56. Rb1 Ka4 57. Nf2 Kb3 58. Nd1 Kc2 59. Rxb2+ Rxb2 60.
Nxb2 Kxb2 61. Nh7 Kxc3 62. Ng5 Be8 63. Nf3 Nc6 64. Kg5 Nxd4 65. Ne1 Kd2 66. Kf6
Kxe1 67. Ke7 c3 68. Kxe8 c2 0-1

[Event "New England Masters"]
[Site "Pawtucket"]
[Date "2008.08.13"]
[Round "4.10"]
[White "MacIntyre, Paul"]
[Black "Friedel, Joshua"]
[Result "0-1"]
[WhiteElo "2290"]
[BlackElo "2524"]
[PlyCount "78"]
[EventDate "2008.08.??"]
[SourceDate "2008.08.11"]

1. e4 c5 2. Nf3 e6 3. d3 d5 4. Nbd2 Nc6 5. g3 Bd6 6. Bg2 Nge7 7. O-O O-O 8. Nh4
f5 9. f4 Bc7 10. Re1 dxe4 11. dxe4 e5 12. Nc4 Qxd1 13. Rxd1 exf4 14. Bxf4 Bxf4
15. gxf4 fxe4 16. Rf1 Nd4 17. Rae1 Nxc2 18. Rxe4 Nf5 19. Nxf5 Bxf5 20. Re5 Bd3
21. Bd5+ Kh8 22. Rf3 Bxc4 23. Bxc4 Nd4 24. Rf2 b5 25. Bd3 c4 26. Bf1 a6 27. a4
g6 28. Kg2 Rac8 29. axb5 axb5 30. Rd5 Rfd8 31. Rxd8+ Rxd8 32. Rd2 Kg7 33. Kf2
Kf6 34. Bh3 Rd6 35. Bg4 b4 36. Rd1 c3 37. bxc3 bxc3 38. Rc1 h5 39. Bd1 c2 0-1

[Event "New England Masters"]
[Site "Pawtucket"]
[Date "2008.08.13"]
[Round "4.11"]
[White "Bercys, Salvijus"]
[Black "Castaneda, Nelson"]
[Result "1-0"]
[WhiteElo "2429"]
[BlackElo "2314"]
[PlyCount "85"]
[EventDate "2008.08.??"]
[SourceDate "2008.08.11"]

1. d4 Nf6 2. c4 d6 3. Nc3 Nbd7 4. g3 e5 5. e3 g6 6. Bg2 Bg7 7. Nge2 O-O 8. O-O
Rb8 9. b3 a6 10. a4 Re8 11. h3 Nf8 12. Kh2 h6 13. Ra2 Bd7 14. a5 Qc8 15. e4
exd4 16. Nxd4 Ne6 17. Nxe6 Rxe6 18. Qd3 Re7 19. Rd1 Kh7 20. Be3 Be6 21. Ba7 Ra8
22. Bd4 Rb8 23. f4 Ne8 24. Rf1 f5 25. Bxg7 Nxg7 26. exf5 Bxf5 27. Qd4 Ne6 28.
Qd1 Ng7 29. g4 Bd7 30. Nd5 Rf7 31. Be4 c6 32. Nb6 Qc7 33. Qd3 Rf6 34. g5 hxg5
35. Nxd7 Qxd7 36. fxg5 Rxf1 37. Bxg6+ Kg8 38. Qxf1 Rf8 39. Bh7+ Kxh7 40. Qxf8
Qe6 41. Qf6 Qe3 42. g6+ Kh6 43. Rg2 1-0

[Event "New England Masters"]
[Site "Pawtucket"]
[Date "2008.08.13"]
[Round "4.12"]
[White "Kleiman, Jake"]
[Black "Zhao, Parker"]
[Result "1/2-1/2"]
[WhiteElo "2353"]
[BlackElo "2242"]
[PlyCount "69"]
[EventDate "2008.08.??"]
[SourceDate "2008.08.11"]

1. e4 c5 2. Nf3 e6 3. d3 Nc6 4. g3 d5 5. Qe2 Nf6 6. Bg2 Be7 7. O-O O-O 8. e5
Nd7 9. c4 Nb6 10. b3 f5 11. exf6 Bxf6 12. Bb2 Bxb2 13. Qxb2 Qf6 14. Qxf6 gxf6
15. Nc3 Bd7 16. Rfe1 Rad8 17. Nh4 Nb4 18. Red1 Bc6 19. Rac1 dxc4 20. dxc4 Bxg2
21. Nxg2 Nd3 22. Rc2 Ne5 23. Rxd8 Rxd8 24. Nf4 Nf3+ 25. Kf1 Kf7 26. Ne4 e5 27.
Ng2 Nd7 28. Nd6+ Ke6 29. Nxb7 Rb8 30. Na5 Rb6 31. Ne3 Ra6 32. Nb7 Rb6 33. Na5
Ra6 34. Nb7 Rb6 35. Na5 1/2-1/2

[Event "New England Masters"]
[Site "Pawtucket"]
[Date "2008.08.13"]
[Round "4.14"]
[White "Hungaski, Robert"]
[Black "Jiang, Louie"]
[Result "1-0"]
[WhiteElo "2407"]
[BlackElo "2135"]
[PlyCount "103"]
[EventDate "2008.08.??"]
[SourceDate "2008.08.11"]

1. Nf3 Nf6 2. c4 e6 3. Nc3 d5 4. d4 c6 5. e3 Nbd7 6. Bd3 dxc4 7. Bxc4 b5 8. Bd3
a6 9. a4 b4 10. Nb1 c5 11. O-O Bb7 12. Nbd2 cxd4 13. exd4 Be7 14. Qe2 O-O 15.
a5 Qc7 16. Re1 Nd5 17. Nc4 Nf4 18. Bxf4 Qxf4 19. Qe3 Qxe3 20. fxe3 Rfc8 21.
Ncd2 Nf6 22. Nb3 Ne4 23. Rec1 f5 24. Kf1 Bd5 25. Nfd2 Bg5 26. Ke2 Nxd2 27. Nxd2
Rxc1 28. Rxc1 Bd8 29. Bc4 Rc8 30. Kd3 Bxa5 31. Nb3 Bxc4+ 32. Rxc4 Rxc4 33. Kxc4
Bc7 34. h3 Bg3 35. Nc5 Bf2 36. Kd3 a5 37. b3 e5 38. dxe5 f4 39. Nb7 Bxe3 40.
Nxa5 Kf7 41. Nc6 Ke6 42. Ke4 Bd2 43. Nd4+ Kf7 44. Nf3 Bc1 45. Ng5+ Kg6 46. e6
Kf6 47. Kd5 Ke7 48. Nxh7 Bb2 49. Ng5 Bc3 50. Nf3 Bf6 51. Ne5 Ke8 52. Nd3 1-0

[Event "New England Masters"]
[Site "Pawtucket"]
[Date "2008.08.13"]
[Round "4.15"]
[White "Masse, Hugues"]
[Black "Puntier, William"]
[Result "1-0"]
[WhiteElo "2196"]
[BlackElo "2298"]
[PlyCount "135"]
[EventDate "2008.08.??"]
[SourceDate "2008.08.11"]

1. d4 Nf6 2. c4 c5 3. d5 e6 4. Nc3 exd5 5. cxd5 d6 6. e4 g6 7. Bd3 Bg7 8. h3
O-O 9. Nf3 a6 10. a4 Nbd7 11. O-O Re8 12. Re1 Qe7 13. Bf4 Nh5 14. Bg5 Bf6 15.
Bh6 Ne5 16. Be2 Nxf3+ 17. Bxf3 Ng7 18. Qd2 Bd7 19. a5 Rab8 20. Be2 Be5 21. Bg5
f6 22. Bf4 f5 23. Bxe5 Qxe5 24. exf5 Qd4 25. Qxd4 cxd4 26. Na2 Re5 27. fxg6
Rbe8 28. gxh7+ Kh8 29. Kf1 Rxe2 30. Rxe2 Bb5 31. Rae1 Nh5 32. g3 Nf6 33. f3
Nxd5 34. Kf2 Bxe2 35. Rxe2 Rc8 36. Rd2 Rc4 37. b3 Rc5 38. g4 Nc7 39. Nb4 Ne6
40. Nc2 d3 41. Ne1 Nf4 42. h4 Rxa5 43. Nxd3 Rd5 44. Ke3 Ne6 45. f4 Rb5 46. b4
Kxh7 47. Rc2 a5 48. f5 Ng7 49. Rc7 Kg8 50. bxa5 Nxf5+ 51. gxf5 Rxf5 52. Rxb7
Rxa5 53. Nf4 Ra1 54. Rd7 Re1+ 55. Kf3 Rg1 56. Rxd6 Kh7 57. Nh3 Rf1+ 58. Kg4 Kg7
59. Ng5 Rg1+ 60. Kh5 Rh1 61. Rd7+ Kf6 62. Rf7+ Ke5 63. Rf8 Kd6 64. Re8 Kd7 65.
Re4 Kd6 66. Kg6 Kd5 67. h5 Rg1 68. Re8 1-0

[Event "New England Masters"]
[Site "Pawtucket"]
[Date "2008.08.13"]
[Round "4.16"]
[White "Hansen, Eric"]
[Black "Belliard, Luis"]
[Result "1-0"]
[WhiteElo "2268"]
[BlackElo "2226"]
[PlyCount "105"]
[EventDate "2008.08.??"]
[SourceDate "2008.08.11"]

1. e4 c5 2. Nf3 d6 3. d4 cxd4 4. Nxd4 Nf6 5. Nc3 a6 6. Be2 e6 7. O-O Nc6 8. Be3
Bd7 9. f4 e5 10. Nb3 exf4 11. Bxf4 Ne5 12. Qd4 Qc7 13. Bg5 Be7 14. Bxf6 Bxf6
15. Rxf6 gxf6 16. Nd5 Qc6 17. Nxf6+ Kf8 18. Rd1 Be6 19. Qb4 Ke7 20. Nd5+ Bxd5
21. Rxd5 Nd7 22. Nd4 Qb6 23. Qxb6 Nxb6 24. Nf5+ Kf8 25. Rxd6 Na4 26. Rd7 h5 27.
Rxb7 Nc5 28. Rb4 h4 29. Kf2 f6 30. Rc4 Nd7 31. Rc6 a5 32. Rd6 Ra7 33. Bb5 Rh7
34. c4 h3 35. gxh3 Nc5 36. Rd8+ Kf7 37. Be8+ Ke6 38. Rd6+ Ke5 39. Rd5+ Kf4 40.
Rxc5 Rxh3 41. Ke2 Rxh2+ 42. Kd3 Rah7 43. Ne3 Rxb2 44. Rxa5 Rh1 45. Rf5+ Kg3 46.
Kd4 Rxa2 47. Rxf6 Re1 48. Nf5+ Kg4 49. Bc6 Rd2+ 50. Ke5 Kg5 51. Rf8 Kg4 52.
Rg8+ Kf3 53. Nh4+ 1-0

[Event "New England Masters"]
[Site "Pawtucket"]
[Date "2008.08.13"]
[Round "4.17"]
[White "Reverby, Miro"]
[Black "Melekhina, Alisa"]
[Result "1/2-1/2"]
[WhiteElo "2190"]
[BlackElo "2265"]
[PlyCount "83"]
[EventDate "2008.08.??"]
[SourceDate "2008.08.11"]

1. e4 e5 2. Nf3 Nc6 3. d4 exd4 4. Nxd4 Bc5 5. Be3 Qf6 6. c3 Nge7 7. g3 d5 8.
Bg2 dxe4 9. O-O Nxd4 10. cxd4 Bd6 11. Nc3 O-O 12. Nxe4 Qg6 13. Nxd6 Qxd6 14.
Bf4 Qb6 15. Qc1 c6 16. Bd6 Re8 17. Re1 Be6 18. Qg5 Ng6 19. Qc5 Nf8 20. a4 Nd7
21. Qc3 Nf6 22. a5 Qd8 23. Qc5 a6 24. Bf4 Qd7 25. Bd2 Rad8 26. Bc3 Bd5 27. Re5
Bxg2 28. Kxg2 Ne4 29. Qc4 Rxe5 30. dxe5 Qd5 31. Qxd5 Rxd5 32. f4 Nxc3 33. bxc3
Kf8 34. Rb1 Rxa5 35. Rxb7 Ra3 36. c4 Ra4 37. f5 Rxc4 38. Rb8+ Ke7 39. Rb7+ Ke8
40. Rb8+ Kd7 41. Rb7+ Ke8 42. Rb8+ 1/2-1/2

[Event "New England Masters"]
[Site "Pawtucket"]
[Date "2008.08.13"]
[Round "4.18"]
[White "Kazmaier, Daniel"]
[Black "Enkin, Max"]
[Result "1-0"]
[WhiteElo "2134"]
[BlackElo "2262"]
[PlyCount "79"]
[EventDate "2008.08.??"]
[SourceDate "2008.08.11"]

1. e4 c5 2. Nf3 d6 3. c3 Nf6 4. Be2 e6 5. O-O Be7 6. d3 O-O 7. Bg5 b6 8. Nbd2
Bb7 9. a4 a6 10. b4 Nbd7 11. Qb3 Rb8 12. Rfe1 cxb4 13. cxb4 a5 14. b5 Nc5 15.
Qb1 d5 16. e5 Nh5 17. Be3 d4 18. Nxd4 Nf4 19. Bxf4 Qxd4 20. Be3 Qd5 21. Bf1 f6
22. d4 Nd7 23. f3 Rbc8 24. Bd3 f5 25. Be4 Nf6 26. Bxd5 Nxd5 27. Nf1 Bb4 28. Bd2
Rc4 29. Qb2 f4 30. Rec1 Rxc1 31. Rxc1 Be7 32. Rc4 g5 33. h3 Bd8 34. Bc1 h5 35.
Qb1 Kg7 36. Ba3 Rh8 37. Qc1 g4 38. Nd2 Ne3 39. Rc7+ Kh6 40. Rxb7 1-0

[Event "New England Masters"]
[Site "Pawtucket"]
[Date "2008.08.13"]
[Round "4.19"]
[White "Yanayt, Eugene"]
[Black "Rosenberg, Evan"]
[Result "0-1"]
[WhiteElo "2254"]
[BlackElo "2182"]
[PlyCount "60"]
[EventDate "2008.08.??"]
[SourceDate "2008.08.11"]

1. d4 d5 2. c4 c6 3. Nf3 Nf6 4. Qc2 g6 5. Bf4 Na6 6. e3 Bf5 7. Qb3 Nb4 8. Qxb4
e5 9. Qxb7 Rb8 10. Qa6 exf4 11. c5 fxe3 12. fxe3 Rxb2 13. Nc3 Bh6 14. Qxc6+ Kf8
15. Be2 Kg7 16. O-O Bxe3+ 17. Kh1 Ne4 18. Nd1 Rxe2 19. Qa6 Nf2+ 20. Rxf2 Rxf2
21. Nxe3 Be4 22. Kg1 Rb2 23. Rf1 Bxf3 24. Rxf3 Rb1+ 25. Kf2 Qh4+ 26. Ke2 Re8
27. Kd3 Rb4 28. Ng4 f5 29. Rh3 Qxg4 30. Qb7+ Rxb7 0-1

[Event "New England Masters"]
[Site "Pawtucket"]
[Date "2008.08.13"]
[Round "4.20"]
[White "Wasiolek, Rory"]
[Black "Liu, Elliott"]
[Result "0-1"]
[WhiteElo "2112"]
[BlackElo "2250"]
[PlyCount "48"]
[EventDate "2008.08.??"]
[SourceDate "2008.08.11"]

1. d4 Nf6 2. Nf3 g6 3. g3 Bg7 4. Bg2 O-O 5. O-O d5 6. c4 dxc4 7. Na3 c3 8. bxc3
c5 9. Ne5 Nc6 10. Nxc6 bxc6 11. Bxc6 Bh3 12. Bg2 Bxg2 13. Kxg2 Ne4 14. Bb2 Rb8
15. Rb1 cxd4 16. cxd4 Qd5 17. f3 Qxa2 18. Qc2 Nd6 19. e4 Rfc8 20. Qf2 Rb3 21.
e5 Nf5 22. Rfe1 Bh6 23. f4 Rxa3 24. Bxa3 Rc2 0-1

[Event "New England Masters"]
[Site "Pawtucket"]
[Date "2008.08.13"]
[Round "5.2"]
[White "Arkell, Keith"]
[Black "Sammour-Hasbun, Jorge"]
[Result "1/2-1/2"]
[WhiteElo "2506"]
[BlackElo "2463"]
[PlyCount "89"]
[EventDate "2008.08.??"]
[SourceDate "2008.08.11"]

1. d4 d5 2. c4 c6 3. Nf3 Nf6 4. Nc3 dxc4 5. a4 Bf5 6. Nh4 Bd7 7. g3 Qa5 8. Bg2
g6 9. Nf3 Bg7 10. Ne5 Be6 11. e3 Nbd7 12. Nxd7 Nxd7 13. Bd2 Qc7 14. a5 O-O 15.
Qa4 Rfd8 16. Ne2 Qd6 17. Bc3 Bh6 18. O-O Nf6 19. e4 Qc7 20. h3 Rac8 21. f4 Ne8
22. g4 Nd6 23. f5 gxf5 24. gxf5 Bd7 25. Qc2 Be3+ 26. Kh1 f6 27. e5 Nb5 28. Qe4
Bg5 29. Be1 c5 30. Qg4 Kh8 31. Bg3 Bc6 32. Rg1 Bxg2+ 33. Rxg2 Qc6 34. h4 Be3
35. dxc5 Rg8 36. Qxc4 Qxc5 37. Qxc5 Rxc5 38. Rd1 b6 39. Rd7 Re8 40. axb6 axb6
41. b4 Rc4 42. Be1 Bh6 43. Rd5 Nc7 44. Rd7 Nb5 45. Rd5 1/2-1/2

[Event "New England Masters"]
[Site "Pawtucket"]
[Date "2008.08.13"]
[Round "5.3"]
[White "Ippolito, Dean"]
[Black "Kritz, Leonid"]
[Result "0-1"]
[WhiteElo "2445"]
[BlackElo "2610"]
[PlyCount "80"]
[EventDate "2008.08.??"]
[SourceDate "2008.08.11"]

1. d4 Nf6 2. c4 e6 3. Nc3 Bb4 4. Qc2 O-O 5. a3 Bxc3+ 6. Qxc3 b6 7. Bg5 Bb7 8.
f3 h6 9. Bh4 d5 10. e3 Re8 11. Bd3 Nbd7 12. cxd5 Nxd5 13. Bxd8 Nxc3 14. Bh4 Nd5
15. Bf2 e5 16. Bf5 N7f6 17. dxe5 Nxe3 18. Bxe3 Rxe5 19. Be4 Bxe4 20. fxe4 Rxe4
21. Kf2 Ng4+ 22. Kf3 f5 23. Bf2 Ne5+ 24. Kg3 Rg4+ 25. Kh3 Nd3 26. Bg3 Rg5 27.
Rf1 Rh5+ 28. Bh4 g5 29. g3 gxh4 30. gxh4 Re8 31. Nf3 f4 32. Rhg1+ Kf7 33. Rg2
Re3 34. Kg4 Rb5 35. Rc2 h5+ 36. Kh3 Rxb2 37. Rxc7+ Ke6 38. Rc4 Rb3 39. Kg2 Rxf3
40. Kxf3 Ne5+ 0-1

[Event "New England Masters"]
[Site "Pawtucket"]
[Date "2008.08.13"]
[Round "5.4"]
[White "Stopa, Jacek"]
[Black "Vovsha, Eli"]
[Result "0-1"]
[WhiteElo "2440"]
[BlackElo "2461"]
[PlyCount "90"]
[EventDate "2008.08.??"]
[SourceDate "2008.08.11"]

1. e4 c5 2. Nf3 d6 3. Bb5+ Nd7 4. d4 Ngf6 5. Nc3 cxd4 6. Qxd4 a6 7. Bxd7+ Bxd7
8. Bg5 Rc8 9. O-O-O e5 10. Qe3 Ng4 11. Qd2 f6 12. Be3 Qa5 13. a3 Rxc3 14. Qxc3
Qxc3 15. bxc3 Nxe3 16. fxe3 Bc6 17. Nd2 d5 18. Kb2 dxe4 19. Nc4 Bc5 20. Na5 Ke7
21. Nxc6+ bxc6 22. Rhe1 Rb8+ 23. Ka2 f5 24. a4 Ke6 25. Re2 g5 26. Rh1 Be7 27.
Rd1 h5 28. Rf1 Bc5 29. h3 h4 30. Rd1 a5 31. Rf1 Rb7 32. Rh1 Rb8 33. Rd1 Rg8 34.
Rde1 f4 35. exf4 gxf4 36. Rxe4 Be3 37. R1xe3 fxe3 38. Rxe3 Rxg2 39. Re4 Kf5 40.
Rxh4 e4 41. Rh8 e3 42. Re8 Kf4 43. Kb3 Rg5 44. Kc4 Kf3 45. h4 Rf5 0-1

[Event "New England Masters"]
[Site "Pawtucket"]
[Date "2008.08.13"]
[Round "5.5"]
[White "Friedel, Joshua"]
[Black "Panjwani, Raja"]
[Result "1-0"]
[WhiteElo "2524"]
[BlackElo "2310"]
[PlyCount "127"]
[EventDate "2008.08.??"]
[SourceDate "2008.08.11"]

1. d4 Nf6 2. c4 g6 3. Nc3 Bg7 4. e4 d6 5. Nf3 O-O 6. Be2 Na6 7. O-O e5 8. Re1
Qe8 9. Bf1 Bg4 10. d5 Nb4 11. Be2 a5 12. Be3 Na6 13. Nd2 Bd7 14. a3 a4 15. Nb5
Qe7 16. c5 Qe8 17. Qxa4 Nxc5 18. Qc4 Bxb5 19. Qxb5 c6 20. dxc6 bxc6 21. Qc4 Ne6
22. Qc2 d5 23. f3 Qd7 24. Nb3 Rfb8 25. Nc5 Nxc5 26. Bxc5 d4 27. Bc4 Bh6 28. a4
Qc7 29. b3 Nd7 30. Ba3 Qb6 31. Kh1 Bf8 32. Bxf8 Kxf8 33. Qd2 Kg7 34. f4 Qb4 35.
Qf2 Qd6 36. Rad1 c5 37. Bxf7 exf4 38. Bd5 Ra7 39. Rxd4 Rxb3 40. Rdd1 Rb4 41. g3
Qf6 42. gxf4 Rb2 43. Qg3 Rxa4 44. e5 Qxf4 45. Bc6 Nxe5 46. Rxe5 Qxg3 47. hxg3
Ra3 48. Rg1 c4 49. Rc5 Rc3 50. Bd5 Rbc2 51. Rc7+ Kh6 52. Rg2 Rc1+ 53. Kh2 Rd3
54. Bg8 c3 55. Rxh7+ Kg5 56. Rc7 Rdd1 57. Rc5+ Kh6 58. Kh3 Rd2 59. Bd5 Rcc2 60.
Be4 Rxg2 61. Bxg2 Kg7 62. Rc6 Kh6 63. Rxg6+ Kh5 64. Bf3+ 1-0

[Event "New England Masters"]
[Site "Pawtucket"]
[Date "2008.08.13"]
[Round "5.6"]
[White "Shmelov, Denys"]
[Black "Bercys, Salvijus"]
[Result "1/2-1/2"]
[WhiteElo "2349"]
[BlackElo "2429"]
[PlyCount "51"]
[EventDate "2008.08.??"]
[SourceDate "2008.08.11"]

1. d4 Nf6 2. c4 g6 3. Nc3 Bg7 4. e4 d6 5. Nf3 O-O 6. Be2 e5 7. O-O Nc6 8. d5
Ne7 9. b4 Nh5 10. Re1 f5 11. Ng5 Nf6 12. Bf3 c6 13. Qb3 h6 14. Ne6 Bxe6 15.
dxe6 fxe4 16. Nxe4 Nf5 17. Be3 Qe7 18. b5 Qxe6 19. bxc6 bxc6 20. Nxf6+ Qxf6 21.
Bxc6 Rab8 22. Qc3 Nxe3 23. Qxe3 Rb6 24. Be4 Kh7 25. Rab1 Rfb8 26. Rxb6 1/2-1/2